000 00705nam a2200229 a 4500
005 20230131110714.0
008 230131t2021 uk ||||| |||| 00| 0 eng d
020 _a9781785043406
040 _aAKMAL
082 _a650.13 ERI
090 _a650.13
_bERI
100 _aErikson, Thomas
_99511
245 _aSurounded by bad bosses and lazy employees
_b(or, how to deal with idiots at work) /
_cThomas Erikson
260 _aUK
_bPenguin Random House
_c2021
300 _axii, 386p. :
_bill. ;
_c20cm
500 _aIncludes index
599 _aDALAM PROSES
650 _aPsychology, industrial
_99512
650 _aInterpersonal relations
_99513
650 _aConflict management
_99514
942 _2ddc
_cBOOK
999 _c4972
_d4972